[Event "Quebec Carnaval"]
[Site "Quebec"]
[Date "2012.02.25"]
[Round "2"]
[White "Caire, Francois"]
[Black "Rainfray, Arnaud"]
[Result "0-1"]
[WhiteElo "2368"]
[BlackElo "2248"]
[PlyCount "70"]
[EventDate "2012.02.24"]
[EventType "swiss"]
[EventRounds "5"]
[EventCountry "CAN"]
[SourceTitle "EXT 2022"]
[Source "ChessBase"]
[SourceDate "2021.10.06"]
[SourceVersion "1"]
[SourceVersionDate "2021.10.06"]
[SourceQuality "1"]

1. d4 d5 2. Nf3 Nf6 3. c4 e6 4. g3 c5 5. cxd5 exd5 6. Bg2 Be7 7. 0-0 0-0 8. dxc5 Bxc5 9. Qc2 Be7 10. Nc3 Nc6 11. Rd1 Qa5 12. Qb3 Rd8 13. Qb5 Qxb5 14. Nxb5 Bf5 15. Be3 a6 16. Nbd4 Nxd4 17. Nxd4 Bg4 18. h3 Bd7 19. Rac1 Rac8 20. Rxc8 Rxc8 21. Bg5 h6 22. Bxf6 Bxf6 23. Bxd5 Bxh3 24. Bxb7 Rb8 25. Bxa6 Rxb2 26. a3 Ra2 27. Rd3 Bg4 28. f3 Bd7 29. Nb5 Bf5 30. e4 Bh3 31. f4 Be7 32. e5 Bc5+ 33. Nd4 Bf5 34. Rd1 Bg4 35. Bc4 Rc2 0-1

[Event "Quebec-ch Elite"]
[Site "Montreal"]
[Date "2010.10.09"]
[Round "3"]
[White "Rainfray, Arnaud"]
[Black "Bolduc, Steve"]
[Result "0-1"]
[WhiteElo "2408"]
[BlackElo "2281"]
[PlyCount "78"]
[EventDate "2010.10.08"]
[EventType "swiss"]
[EventRounds "7"]
[EventCountry "CAN"]
[SourceTitle "EXT 2013"]
[Source "ChessBase"]
[SourceDate "2012.11.22"]
[SourceVersion "1"]
[SourceVersionDate "2012.11.22"]
[SourceQuality "1"]

1. e4 d6 2. d4 Nf6 3. Nc3 g6 4. g3 Bg7 5. Bg2 0-0 6. Nge2 Nc6 7. 0-0 e5 8. d5 Ne7 9. f4 Ne8 10. Be3 f5 11. Qd2 b6 12. a4 Bb7 13. Rad1 fxe4 14. fxe5 Rxf1+ 15. Rxf1 dxe5 16. Bg5 Qd7 17. Nxe4 Nf5 18. N2c3 h6 19. Be3 Ned6 20. Nxd6 cxd6 21. Bh3 Ba6 22. Nb5 Bxb5 23. axb5 Qxb5 24. Bxf5 gxf5 25. Bxh6 f4 26. Bxg7 Kxg7 27. gxf4 Rg8 28. Rf3 Kf7+ 29. Rg3 Rxg3+ 30. hxg3 Qxb2 31. f5 Qd4+ 32. Qxd4 exd4 33. Kf2 a5 34. Ke2 a4 35. Kd2 Kf6 36. g4 b5 37. Kc1 b4 38. Kb2 Kg5 39. Kb1 b3 0-1

[Event "Trois-Rivieres Mauricie op"]
[Site "Trois Rivieres"]
[Date "2010.03.20"]
[Round "3"]
[White "Libersan, Thierry"]
[Black "Rainfray, Arnaud"]
[Result "1/2-1/2"]
[WhiteElo "2122"]
[BlackElo "2386"]
[PlyCount "96"]
[EventDate "2010.03.19"]
[EventType "swiss"]
[EventRounds "5"]
[EventCountry "CAN"]
[SourceTitle "EXT 2022"]
[Source "ChessBase"]
[SourceDate "2021.10.06"]
[SourceVersion "1"]
[SourceVersionDate "2021.10.06"]
[SourceQuality "1"]

1. e4 e5 2. Nf3 Nc6 3. Bb5 a6 4. Ba4 Nf6 5. 0-0 Nxe4 6. d4 b5 7. Bb3 d5 8. dxe5 Be6 9. Nbd2 Nc5 10. c3 Qd7 11. Bc2 Bg4 12. h3 Bh5 13. Re1 Rd8 14. Nb3 Ne6 15. Qe2 Be7 16. Bd2 0-0 17. Rad1 a5 18. Bc1 a4 19. Nbd2 Na5 20. Nf1 c6 21. Ng3 Bg6 22. Nf5 Bc5 23. N3h4 Rde8 24. Qg4 Qc7 25. b4 axb3 26. axb3 Qb6 27. Re2 b4 28. Bd2 Rb8 29. cxb4 Bxb4 30. Bxb4 Qxb4 31. Qxb4 Rxb4 32. Ra1 Nxb3 33. Bxb3 Rxb3 34. Ne7+ Kh8 35. Nhxg6+ hxg6 36. Nxc6 Rc3 37. Nb4 Rd8 38. Rd2 d4 39. Nd3 Rd7 40. f4 Rb7 41. Kf2 Rbb3 42. Nc1 Rb5 43. Ne2 Rc4 44. Ra7 Kh7 45. Rxf7 d3 46. Rxd3 Nxf4 47. Nxf4 Rxf4+ 48. Rf3 Rxf3+ 1/2-1/2

[Event "Quebec Carnaval"]
[Site "Quebec"]
[Date "2010.01.31"]
[Round "5"]
[White "Rainfray, Arnaud"]
[Black "Larochelle, Martial"]
[Result "1-0"]
[WhiteElo "2368"]
[BlackElo "2161"]
[PlyCount "79"]
[EventDate "2010.01.29"]
[EventType "swiss"]
[EventRounds "5"]
[EventCountry "CAN"]
[SourceTitle "EXT 2011"]
[Source "ChessBase"]
[SourceDate "2010.11.26"]
[SourceVersion "1"]
[SourceVersionDate "2010.11.26"]
[SourceQuality "1"]

1. e4 c5 2. Nf3 d6 3. c3 Nf6 4. Be2 g6 5. 0-0 Bg7 6. Bb5+ Bd7 7. Bxd7+ Nbxd7 8. Re1 e5 9. d4 exd4 10. cxd4 0-0 11. Nc3 Re8 12. e5 dxe5 13. dxe5 Ng4 14. Bg5 Qc7 15. Nd5 Qc6 16. Ne7+ Rxe7 17. Bxe7 Ngxe5 18. Nxe5 Bxe5 19. Qd2 Bd4 20. Rac1 Qd5 21. b4 b6 22. Bg5 Ne5 23. Be3 Rd8 24. bxc5 bxc5 25. Qe2 Nc6 26. Qc4 Qf5 27. Bxd4 Nxd4 28. h3 Rd5 29. Rcd1 h5 30. a4 Rd6 31. Rb1 Rf6 32. Rb2 Qg5 33. Qc1 Qd5 34. Qh6 Qd8 35. Qg5 Kg7 36. Qxc5 Qd7 37. Rb8 Ne6 38. Qc8 Qxc8 39. Rxc8 Rf5 40. Re4 1-0

[Event "Quebec-ch classe"]
[Site "Trois Rivieres"]
[Date "2009.10.10"]
[Round "2"]
[White "Rainfray, Arnaud"]
[Black "Auger, Bertrand"]
[Result "1-0"]
[WhiteElo "2391"]
[BlackElo "1906"]
[PlyCount "39"]
[EventDate "2009.10.09"]
[EventType "swiss"]
[EventRounds "5"]
[EventCountry "CAN"]
[SourceTitle "EXT 2011"]
[Source "ChessBase"]
[SourceDate "2010.11.26"]
[SourceVersion "1"]
[SourceVersionDate "2010.11.26"]
[SourceQuality "1"]

1. Nf3 Nf6 2. c4 b6 3. g3 Bb7 4. Bg2 e6 5. 0-0 Be7 6. b3 c5 7. Bb2 0-0 8. Nc3 d6 9. d4 Ne4 10. Qc2 Nxc3 11. Bxc3 f5 12. Rfd1 Qc7 13. d5 exd5 14. cxd5 Nd7 15. Bh3 g6 16. e4 Ne5 17. Nxe5 dxe5 18. exf5 Bc8 19. d6 Bxd6 20. Qd2 1-0

[Event "Quebec Montcalm op 1st"]
[Site "Quebec"]
[Date "2009.10.01"]
[Round "4"]
[White "Plante, Rejean"]
[Black "Rainfray, Arnaud"]
[Result "0-1"]
[WhiteElo "2095"]
[BlackElo "2383"]
[PlyCount "54"]
[EventDate "2009.08.10"]
[EventType "swiss"]
[EventRounds "5"]
[EventCountry "CAN"]
[SourceTitle "EXT 2011"]
[Source "ChessBase"]
[SourceDate "2010.11.26"]
[SourceVersion "1"]
[SourceVersionDate "2010.11.26"]
[SourceQuality "1"]

1. d4 d5 2. c4 e6 3. Nc3 c5 4. e3 Nf6 5. Nf3 a6 6. dxc5 Bxc5 7. a3 0-0 8. b4 Ba7 9. Bb2 Qe7 10. cxd5 Rd8 11. Bd3 exd5 12. Ne2 Nc6 13. h3 Ne4 14. Ned4 Nxb4 15. Be2 Nc6 16. Rc1 Nxd4 17. Nxd4 Qg5 18. Bf3 Re8 19. h4 Qh6 20. Rc2 Bd7 21. Bxe4 Rxe4 22. Rd2 Rxh4 23. Rxh4 Qxh4 24. Qb3 Qh1+ 25. Ke2 Qxg2 26. Kd1 Rc8 27. Nc2 Bg4+ 0-1

[Event "Quebec Montcalm op 1st"]
[Site "Quebec"]
[Date "2009.09.24"]
[Round "3"]
[White "Caire, Francois"]
[Black "Rainfray, Arnaud"]
[Result "0-1"]
[WhiteElo "2210"]
[BlackElo "2383"]
[PlyCount "48"]
[EventDate "2009.08.10"]
[EventType "swiss"]
[EventRounds "5"]
[EventCountry "CAN"]
[SourceTitle "EXT 2011"]
[Source "ChessBase"]
[SourceDate "2010.11.26"]
[SourceVersion "1"]
[SourceVersionDate "2010.11.26"]
[SourceQuality "1"]

1. e4 e5 2. Nf3 Nc6 3. Bb5 a6 4. Ba4 Nf6 5. 0-0 b5 6. Bb3 Bc5 7. d3 d6 8. a4 Rb8 9. axb5 axb5 10. h3 Be6 11. Bxe6 fxe6 12. c3 0-0 13. d4 Bb6 14. dxe5 Nxe5 15. Nxe5 dxe5 16. Qe2 Nxe4 17. Be3 Ng3 18. fxg3 Bxe3+ 19. Kh2 Rxf1 20. Qxf1 Qf6 21. Qe2 Bf2 22. Qe4 Qg5 23. Qf3 Rf8 24. Ra8 Bxg3+ 0-1

[Event "Montreal op"]
[Site "Montreal"]
[Date "2009.09.13"]
[Round "4"]
[White "Gerzhoy, Leonid"]
[Black "Rainfray, Arnaud"]
[Result "1-0"]
[WhiteElo "2412"]
[BlackElo "2394"]
[PlyCount "125"]
[EventDate "2009.09.11"]
[EventType "swiss"]
[EventRounds "5"]
[EventCountry "CAN"]
[SourceTitle "EXT 2011"]
[Source "ChessBase"]
[SourceDate "2010.11.26"]
[SourceVersion "1"]
[SourceVersionDate "2010.11.26"]
[SourceQuality "1"]

1. d4 d5 2. c4 e6 3. Nc3 c5 4. cxd5 exd5 5. Nf3 Nc6 6. g3 Nf6 7. Bg2 Be7 8. 0-0 0-0 9. b3 Bg4 10. dxc5 Bxc5 11. Bb2 a6 12. h3 Be6 13. Rc1 Ba7 14. Na4 Ne4 15. Nd4 Qd6 16. e3 Rfd8 17. Nxe6 Qxe6 18. Qg4 Qxg4 19. hxg4 Rac8 20. Rfd1 Nxg3 21. fxg3 Bxe3+ 22. Kf1 Bxc1 23. Bxc1 Ne5 24. Nb6 Rc2 25. Nxd5 Re8 26. Nb4 Rc7 27. g5 a5 28. Nd5 Rc2 29. Bf4 Nc6 30. Nc7 Rd8 31. Rxd8+ Nxd8 32. a4 h6 33. gxh6 gxh6 34. Nb5 Kg7 35. Nd4 Rc5 36. Ke2 h5 37. Kd3 Kf6 38. Bf3 Ke7 39. Nb5 Kd7 40. Nd6 b6 41. Ne4 Rf5 42. Bxh5 Ne6 43. Bg4 Rd5+ 44. Ke3 Ke7 45. Bxe6 Kxe6 46. Bc7 f5 47. Nc3 Rd7 48. Nb5 Rg7 49. Kf2 Kd5 50. Bxb6 Rg4 51. Bxa5 f4 52. gxf4 Rxf4+ 53. Ke3 Rh4 54. Kd3 Rh3+ 55. Kc2 Rh2+ 56. Kc3 Rh3+ 57. Kb4 Rh4+ 58. Ka3 Rh3 59. Bb4 Kc6 60. Bc3 Kc5 61. Bd4+ Kc6 62. Kb4 Rh4 63. Kc4 1-0

[Event "Robin Girard Memorial"]
[Site "Quebec"]
[Date "2009.09.06"]
[Round "5"]
[White "Beaudoin, Stephane"]
[Black "Rainfray, Arnaud"]
[Result "0-1"]
[WhiteElo "2114"]
[BlackElo "2387"]
[PlyCount "88"]
[EventDate "2009.09.04"]
[EventType "swiss"]
[EventRounds "5"]
[EventCountry "CAN"]
[SourceTitle "EXT 2011"]
[Source "ChessBase"]
[SourceDate "2010.11.26"]
[SourceVersion "1"]
[SourceVersionDate "2010.11.26"]
[SourceQuality "1"]

1. e4 c5 2. Nf3 Nc6 3. d4 cxd4 4. Nxd4 Nf6 5. Nxc6 bxc6 6. Bd3 g6 7. 0-0 d6 8. Qe2 Bg7 9. Nc3 0-0 10. Bd2 Rb8 11. Rab1 Nd7 12. f4 Nc5 13. Bc4 Rb4 14. b3 Be6 15. Bxe6 Nxe6 16. Na4 Rb8 17. Rbd1 c5 18. c4 Qd7 19. Qd3 Nd4 20. f5 Qb7 21. Nc3 Rfe8 22. Rde1 Nc6 23. Qh3 Ne5 24. Bh6 Bh8 25. Bg5 Qd7 26. Nd5 Rb7 27. Qh4 h5 28. h3 e6 29. fxe6 fxe6 30. Nf6+ Bxf6 31. Rxf6 Qg7 32. Ref1 Rf7 33. Rxf7 Nxf7 34. Bf6 Qh6 35. Qf2 e5 36. h4 Re6 37. Bg5 Qf8 38. Qd2 Qa8 39. Qe3 Kg7 40. Bf6+ Rxf6 41. Rxf6 Kxf6 42. Qf3+ Kg7 43. g4 hxg4 44. Qxg4 Qh8 0-1

[Event "Robin Girard Memorial"]
[Site "Quebec"]
[Date "2009.09.05"]
[Round "3"]
[White "Bolduc, Steve"]
[Black "Rainfray, Arnaud"]
[Result "0-1"]
[WhiteElo "2264"]
[BlackElo "2387"]
[PlyCount "54"]
[EventDate "2009.09.04"]
[EventType "swiss"]
[EventRounds "5"]
[EventCountry "CAN"]
[SourceTitle "EXT 2011"]
[Source "ChessBase"]
[SourceDate "2010.11.26"]
[SourceVersion "1"]
[SourceVersionDate "2010.11.26"]
[SourceQuality "1"]

1. c4 e6 2. Nc3 d5 3. d4 c5 4. cxd5 exd5 5. Nf3 Nc6 6. g3 Nf6 7. Bg2 Be7 8. 0-0 0-0 9. Bg5 cxd4 10. Nxd4 h6 11. Be3 Re8 12. Nxc6 bxc6 13. Na4 Bg4 14. Rc1 Qd7 15. Nc5 Bxc5 16. Rxc5 Ne4 17. Bxe4 Rxe4 18. Qc2 Rae8 19. Rd1 R8e6 20. Rd2 Qe7 21. Qc3 Bh3 22. Rd3 d4 23. Rxd4 Rxe3 24. fxe3 Rxe3 25. Qa5 Rf3 26. Rd1 Qe3+ 27. Kh1 Rf1+ 0-1

[Event "Mauricie op"]
[Site "Trois Rivieres"]
[Date "2009.03.22"]
[Round "5"]
[White "Laptos, Krzysztof"]
[Black "Rainfray, Arnaud"]
[Result "1-0"]
[WhiteElo "2181"]
[BlackElo "2393"]
[PlyCount "123"]
[EventDate "2009.03.20"]
[EventType "swiss"]
[EventRounds "5"]
[EventCountry "CAN"]
[SourceTitle "EXT 2011"]
[Source "ChessBase"]
[SourceDate "2010.11.26"]
[SourceVersion "1"]
[SourceVersionDate "2010.11.26"]
[SourceQuality "1"]

1. f4 e5 2. e4 Bc5 3. Nf3 d6 4. Bc4 Nf6 5. Nc3 Nc6 6. d3 a6 7. f5 h6 8. a3 Nd4 9. Nxd4 Bxd4 10. Bd2 c6 11. Qf3 b5 12. Bb3 Bb7 13. 0-0-0 Bxc3 14. Bxc3 c5 15. g4 Qc7 16. Rhg1 c4 17. dxc4 Nxe4 18. cxb5 Nxc3 19. Qxc3 Qxc3 20. bxc3 Ke7 21. a4 axb5 22. axb5 Bf3 23. Rde1 Ra5 24. c4 Rc8 25. Kd2 f6 26. Ke3 Bb7 27. Ra1 Rca8 28. Rxa5 Rxa5 29. Rd1 Ra3 30. Kd2 Bf3 31. Rg1 Ra8 32. Rg3 Bb7 33. Kc3 Rc8 34. Kb4 Kd7 35. h4 Be4 36. c3 Rc5 37. Bd1 Kc7 38. g5 hxg5 39. hxg5 Bxf5 40. gxf6 gxf6 41. Rg7+ Kb6 42. Be2 Rc7 43. Rxc7 Kxc7 44. c5 d5 45. b6+ Kb7 46. Bb5 d4 47. cxd4 exd4 48. Kc4 d3 49. Kc3 Bc8 50. Kxd3 Bg4 51. Ke4 Be6 52. Kd4 Bf7 53. Kc3 Bd5 54. Kb4 f5 55. Kc3 f4 56. Kd4 Bg2 57. Bd3 Bh3 58. Ke4 Kc6 59. Kd4 Kb7 60. Ke5 Bc8 61. Kd6 Bg4 62. Be4+ 1-0

[Event "Mauricie op"]
[Site "Trois Rivieres"]
[Date "2009.03.22"]
[Round "4"]
[White "Rainfray, Arnaud"]
[Black "Forget, Luc"]
[Result "1-0"]
[WhiteElo "2393"]
[BlackElo "2013"]
[PlyCount "57"]
[EventDate "2009.03.20"]
[EventType "swiss"]
[EventRounds "5"]
[EventCountry "CAN"]
[SourceTitle "EXT 2011"]
[Source "ChessBase"]
[SourceDate "2010.11.26"]
[SourceVersion "1"]
[SourceVersionDate "2010.11.26"]
[SourceQuality "1"]

1. e4 c6 2. c4 d5 3. exd5 cxd5 4. cxd5 Nf6 5. Nc3 g6 6. Bc4 Bg7 7. Nf3 0-0 8. 0-0 Nbd7 9. d3 Ne8 10. Re1 Nd6 11. Bg5 Bf6 12. Bxf6 exf6 13. Qd2 Kg7 14. Ne4 Ne5 15. Nxe5 fxe5 16. f4 exf4 17. Qxf4 Nxe4 18. dxe4 Qb6+ 19. Qf2 Qxf2+ 20. Kxf2 f6 21. Rac1 Bd7 22. Rc3 Rac8 23. Ke3 Kf7 24. Kd4 Ke7 25. Rf1 b5 26. Bd3 Rxc3 27. bxc3 Rb8 28. Rb1 Rb6 29. Kc5 1-0

[Event "Quebec Montcalm op 5th"]
[Site "Quebec"]
[Date "2009.03.12"]
[Round "4"]
[White "Rainfray, Arnaud"]
[Black "Caron, Sebastien"]
[Result "1-0"]
[WhiteElo "2387"]
[BlackElo "1908"]
[PlyCount "87"]
[EventDate "2009.02.19"]
[EventType "swiss"]
[EventRounds "5"]
[EventCountry "CAN"]
[SourceTitle "EXT 2011"]
[Source "ChessBase"]
[SourceDate "2010.11.26"]
[SourceVersion "1"]
[SourceVersionDate "2010.11.26"]
[SourceQuality "1"]

1. e4 c5 2. Nf3 d6 3. c3 Nf6 4. Be2 Nc6 5. d4 cxd4 6. cxd4 g6 7. Nc3 Bg7 8. d5 Nb8 9. h3 0-0 10. 0-0 Nbd7 11. Re1 Nc5 12. Bf1 Bd7 13. Nd4 Qa5 14. Rb1 Na6 15. Bd2 Rfc8 16. b4 Qd8 17. a3 Ng4 18. Ndb5 Ne5 19. Bg5 f6 20. Be3 Nc4 21. Bd4 Nb6 22. Qb3 Be8 23. a4 Bf7 24. a5 Nd7 25. Nxa7 Rcb8 26. Bxa6 Rxa7 27. Bxa7 Ra8 28. Bb6 Nxb6 29. Bxb7 Rb8 30. Bc6 Nd7 31. a6 Ne5 32. a7 Nxc6 33. axb8Q Qxb8 34. dxc6 Bxb3 35. Rxb3 f5 36. Nd5 Kf7 37. exf5 Be5 38. b5 gxf5 39. b6 e6 40. c7 Qb7 41. Rc1 Qxd5 42. c8Q Qxb3 43. Rc7+ Kf6 44. Qd8+ 1-0

[Event "Quebec Montcalm op 5th"]
[Site "Quebec"]
[Date "2009.02.19"]
[Round "1"]
[White "Dube, Daniel"]
[Black "Rainfray, Arnaud"]
[Result "0-1"]
[WhiteElo "1767"]
[BlackElo "2387"]
[PlyCount "52"]
[EventDate "2009.02.19"]
[EventType "swiss"]
[EventRounds "5"]
[EventCountry "CAN"]
[SourceTitle "EXT 2011"]
[Source "ChessBase"]
[SourceDate "2010.11.26"]
[SourceVersion "1"]
[SourceVersionDate "2010.11.26"]
[SourceQuality "1"]

1. d4 d5 2. Nf3 Nf6 3. Bf4 c5 4. c3 Nc6 5. e3 Qb6 6. Qc1 Bg4 7. Nbd2 Rc8 8. dxc5 Qxc5 9. Nb3 Qb6 10. Ne5 Nxe5 11. Bxe5 Nd7 12. Bd4 Qg6 13. Bb5 a6 14. Bxd7+ Bxd7 15. Qd2 Qxg2 16. 0-0-0 Bf5 17. Rdg1 Qe4 18. Kd1 e5 19. Bb6 Rc6 20. Ba7 Bg4+ 21. Rxg4 Qxh1+ 22. Kc2 Rg6 23. Qe2 Qxh2 24. Bb6 Qh5 25. f3 Rxg4 26. fxg4 Qg6+ 0-1

[Event "Quebec Montcalm op 4th"]
[Site "Quebec"]
[Date "2009.01.29"]
[Round "3"]
[White "Rainfray, Arnaud"]
[Black "Caire, Francois"]
[Result "1-0"]
[WhiteElo "2380"]
[BlackElo "2219"]
[PlyCount "73"]
[EventDate "2009.01.15"]
[EventType "swiss"]
[EventRounds "5"]
[EventCountry "CAN"]
[SourceTitle "EXT 2011"]
[Source "ChessBase"]
[SourceDate "2010.11.26"]
[SourceVersion "1"]
[SourceVersionDate "2010.11.26"]
[SourceQuality "1"]

1. e4 c5 2. Nf3 Nc6 3. Bb5 g6 4. Bxc6 dxc6 5. h3 Bg7 6. d3 b6 7. 0-0 Nh6 8. Nc3 0-0 9. Re1 Qc7 10. Bd2 f6 11. a3 Nf7 12. b4 cxb4 13. axb4 e5 14. Ra3 Re8 15. Na4 Bf8 16. Ra1 b5 17. Nc3 Bb7 18. Qb1 a6 19. Qb3 Rad8 20. Be3 c5 21. bxc5 Bxc5 22. Nd5 Bxd5 23. exd5 Bxe3 24. Rxe3 Rd6 25. c4 Rb8 26. Rb1 Rbb6 27. Qa2 b4 28. Nd2 Rd8 29. Nb3 Rbb8 30. Qxa6 Nd6 31. Qa5 Rdc8 32. Ree1 Qd7 33. Nc5 Qf5 34. Rxb4 Ra8 35. Qb6 Ra2 36. Ne4 Nxe4 37. dxe4 1-0

[Event "Quebec Montcalm op 4th"]
[Site "Quebec"]
[Date "2009.01.15"]
[Round "1"]
[White "Rainfray, Arnaud"]
[Black "Caron, Sebastien"]
[Result "1-0"]
[WhiteElo "2380"]
[BlackElo "1927"]
[PlyCount "99"]
[EventDate "2009.01.15"]
[EventType "swiss"]
[EventRounds "5"]
[EventCountry "CAN"]
[SourceTitle "EXT 2011"]
[Source "ChessBase"]
[SourceDate "2010.11.26"]
[SourceVersion "1"]
[SourceVersionDate "2010.11.26"]
[SourceQuality "1"]

1. e4 e5 2. Bc4 Nf6 3. d3 Be7 4. Nc3 d6 5. f4 Nc6 6. Nf3 a6 7. a3 0-0 8. 0-0 Bg4 9. h3 Bxf3 10. Qxf3 exf4 11. Qxf4 Ne5 12. Ba2 Ng6 13. Qf2 c6 14. Bg5 Qe8 15. Qd2 Nd7 16. Rf5 Kh8 17. Raf1 f6 18. Be3 Bd8 19. Qe2 Nge5 20. d4 g6 21. R5f4 Nf7 22. Qf2 Kg7 23. h4 h6 24. Ne2 d5 25. exd5 Nd6 26. dxc6 bxc6 27. Ng3 Nb6 28. Re1 Qd7 29. Bd2 Re8 30. Rxe8 Qxe8 31. Rg4 Kh7 32. Qf4 Qf8 33. Bb4 Be7 34. Ne4 f5 35. Ng5+ Bxg5 36. Rxg5 hxg5 37. hxg5 Nd5 38. Qh2+ Kg8 39. Bxd6 Qd8 40. Qe5 Qxg5 41. Bxd5+ cxd5 42. Qxd5+ Kg7 43. Qb7+ Kh6 44. Qxa8 Qe3+ 45. Kh2 f4 46. Qh8+ Kg5 47. Qe5+ Kg4 48. Qxe3 fxe3 49. Bg3 Kf5 50. d5 1-0

[Event "Quebec Montcalm op 2nd"]
[Site "Quebec"]
[Date "2008.11.06"]
[Round "5"]
[White "Lessard, Claude"]
[Black "Rainfray, Arnaud"]
[Result "0-1"]
[WhiteElo "2111"]
[BlackElo "2397"]
[PlyCount "88"]
[EventDate "2008.10.09"]
[EventType "swiss"]
[EventRounds "5"]
[EventCountry "CAN"]
[SourceTitle "EXT 2011"]
[Source "ChessBase"]
[SourceDate "2010.11.26"]
[SourceVersion "1"]
[SourceVersionDate "2010.11.26"]
[SourceQuality "1"]

1. e4 c5 2. Nf3 Nc6 3. d4 cxd4 4. Nxd4 Nf6 5. Nc3 e5 6. Ndb5 d6 7. Nd5 Nxd5 8. exd5 Ne7 9. c4 Ng6 10. Qa4 Bd7 11. Qb4 Qb8 12. Be2 Be7 13. 0-0 0-0 14. g3 Bh3 15. Re1 f5 16. Bh5 f4 17. Bxg6 hxg6 18. Qb3 Qc8 19. gxf4 Bh4 20. Qf3 Bg4 21. Qg2 exf4 22. h3 Bxh3 23. Nxd6 Qd7 24. Qxg6 Rad8 25. c5 Be7 26. Rxe7 Qxe7 27. Bd2 Rf6 28. Qg5 Rdxd6 29. cxd6 Qxd6 30. Kh2 Rf5 31. Qh4 Qxd5 32. Qxh3 Rh5 33. Bxf4 Rxh3+ 34. Kxh3 Qd4 35. Be3 Qxb2 36. Rg1 Qxa2 37. Rg6 a5 38. Rd6 b5 39. Kh4 Qf7 40. Rd8+ Kh7 41. Ra8 a4 42. Kg3 Qg6+ 43. Kh2 a3 44. f4 Qe4 0-1

[Event "Quebec Montcalm op 2nd"]
[Site "Quebec"]
[Date "2008.10.23"]
[Round "3"]
[White "Rainfray, Arnaud"]
[Black "Drolet, Stephane"]
[Result "1-0"]
[WhiteElo "2397"]
[BlackElo "2129"]
[PlyCount "83"]
[EventDate "2008.10.09"]
[EventType "swiss"]
[EventRounds "5"]
[EventCountry "CAN"]
[SourceTitle "EXT 2011"]
[Source "ChessBase"]
[SourceDate "2010.11.26"]
[SourceVersion "1"]
[SourceVersionDate "2010.11.26"]
[SourceQuality "1"]

1. e4 e6 2. Nf3 d5 3. e5 Ne7 4. d4 c5 5. c3 Nbc6 6. a3 Nf5 7. b4 cxd4 8. cxd4 Qb6 9. Bb2 Bd7 10. Be2 Rc8 11. 0-0 a6 12. Qd2 h5 13. Bd3 g6 14. Bxf5 gxf5 15. Nc3 Bh6 16. Qd3 Ne7 17. Bc1 Bxc1 18. Raxc1 Rc4 19. Qe3 Ng6 20. Nd2 Rc8 21. Nb3 f4 22. Qf3 Rc4 23. Ne2 Rg8 24. Nxf4 Nh4 25. Qxh5 Nf5 26. Nc5 Bc8 27. Ne4 dxe4 28. Rxc4 Bd7 29. Rfc1 Bc6 30. d5 e3 31. dxc6 exf2+ 32. Kh1 Qe3 33. Ne2 bxc6 34. Rxc6 Ne7 35. R6c3 Qd2 36. Rf1 Nf5 37. Rc8+ Ke7 38. Rxg8 Qe1 39. Qg5+ Kd7 40. Qd8+ Kc6 41. Qc8+ Kb5 42. Nc3+ 1-0

[Event "Quebec-ch qual"]
[Site "Montreal"]
[Date "2008.10.12"]
[Round "4"]
[White "Le Duin, Thierry"]
[Black "Rainfray, Arnaud"]
[Result "0-1"]
[WhiteElo "2020"]
[BlackElo "2397"]
[PlyCount "130"]
[EventDate "2008.10.10"]
[EventType "swiss"]
[EventRounds "5"]
[EventCountry "CAN"]
[SourceTitle "EXT 2011"]
[Source "ChessBase"]
[SourceDate "2010.11.26"]
[SourceVersion "1"]
[SourceVersionDate "2010.11.26"]
[SourceQuality "1"]

1. d4 d5 2. Nf3 Nf6 3. c3 e6 4. Bg5 c5 5. e3 Qb6 6. Qb3 Ne4 7. Bf4 Nc6 8. Nbd2 Nxd2 9. Nxd2 Qa5 10. Qb5 Qd8 11. Nf3 a6 12. Qa4 Bd7 13. Qd1 cxd4 14. exd4 Be7 15. Bd3 0-0 16. 0-0 b5 17. a3 Na5 18. Ne5 Be8 19. Qh5 h6 20. Qh3 f5 21. Kh1 Nc4 22. Bxc4 bxc4 23. Rae1 Rf6 24. Rg1 g5 25. g4 Bf8 26. gxf5 Rxf5 27. Be3 Ra7 28. f4 Rh7 29. Qh4 Kh8 30. fxg5 hxg5 31. Bxg5 Rxh4 32. Bxd8 Rh6 33. Re2 Bh5 34. Reg2 Kh7 35. Bg5 Bd6 36. Bxh6 Bxe5 37. Bg7 Bf4 38. Rf1 Be3 39. Re1 Bg5 40. Be5 Bf3 41. Kg1 Bxg2 42. Kxg2 Kg6 43. Re2 Bc1 44. Rc2 Bh6 45. b4 cxb3 46. Rb2 Rg5+ 47. Kf3 Rg1 48. Rxb3 Kf5 49. Rb7 Ra1 50. Rf7+ Kg5 51. Re7 Kf5 52. Bd6 Bd2 53. Bb4 a5 54. Bxa5 Rxa3 55. Bb4 Ra6 56. Ke2 Bg5 57. Rh7 Ke4 58. Rh3 Ra2+ 59. Kf1 Be3 60. Bd6 Ra1+ 61. Ke2 Ra2+ 62. Kf1 Rf2+ 63. Ke1 Kd3 64. Bg3 Rf3 65. Rh7 Bd2+ 0-1

[Event "Quebec-ch qual"]
[Site "Montreal"]
[Date "2008.10.11"]
[Round "3"]
[White "Rainfray, Arnaud"]
[Black "Barbeau, Sylvain"]
[Result "0-1"]
[WhiteElo "2397"]
[BlackElo "2364"]
[PlyCount "32"]
[EventDate "2008.10.10"]
[EventType "swiss"]
[EventRounds "5"]
[EventCountry "CAN"]
[SourceTitle "EXT 2011"]
[Source "ChessBase"]
[SourceDate "2010.11.26"]
[SourceVersion "1"]
[SourceVersionDate "2010.11.26"]
[SourceQuality "1"]

1. e4 e5 2. Nf3 Nc6 3. d4 exd4 4. Bc4 Nf6 5. e5 d5 6. Bb5 Ne4 7. Nxd4 Bc5 8. 0-0 0-0 9. Bxc6 bxc6 10. Be3 Qe8 11. c3 f6 12. exf6 Rxf6 13. Nd2 Nxd2 14. Qxd2 Qh5 15. Bf4 Rxf4 16. Nxc6 Rf6 0-1

[Event "Quebec Montcalm op 2nd"]
[Site "Quebec"]
[Date "2008.10.09"]
[Round "1"]
[White "Rainfray, Arnaud"]
[Black "Sauve, Richard"]
[Result "1-0"]
[WhiteElo "2397"]
[BlackElo "1960"]
[PlyCount "57"]
[EventDate "2008.10.09"]
[EventType "swiss"]
[EventRounds "5"]
[EventCountry "CAN"]
[SourceTitle "EXT 2011"]
[Source "ChessBase"]
[SourceDate "2010.11.26"]
[SourceVersion "1"]
[SourceVersionDate "2010.11.26"]
[SourceQuality "1"]

1. e4 e6 2. d4 d5 3. e5 c5 4. Nf3 cxd4 5. Bd3 Nc6 6. 0-0 Nge7 7. Bf4 Ng6 8. Bg3 Qb6 9. Qc1 Be7 10. h4 f6 11. exf6 gxf6 12. Qh6 Nge5 13. Nxe5 Nxe5 14. Bxe5 fxe5 15. Bxh7 Kd7 16. Nd2 Qd8 17. Qg7 Kd6 18. h5 Bf6 19. Qf7 Bd7 20. f4 exf4 21. Rxf4 Be5 22. Nf3 Bxf4 23. Qxf4+ Ke7 24. Ne5 Be8 25. Rf1 Bxh5 26. Qg5+ Kd6 27. Qxh5 Rxh7 28. Qxh7 Qb6 29. Nd3 1-0

[Event "Quebec Montcalm op 1st"]
[Site "Quebec"]
[Date "2008.09.18"]
[Round "3"]
[White "Rainfray, Arnaud"]
[Black "Sauve, Richard"]
[Result "1-0"]
[WhiteElo "2388"]
[BlackElo "1976"]
[PlyCount "65"]
[EventDate "2008.09.04"]
[EventType "swiss"]
[EventRounds "5"]
[EventCountry "CAN"]
[SourceTitle "EXT 2011"]
[Source "ChessBase"]
[SourceDate "2010.11.26"]
[SourceVersion "1"]
[SourceVersionDate "2010.11.26"]
[SourceQuality "1"]

1. e4 e6 2. d4 d5 3. Nc3 Bb4 4. Nge2 dxe4 5. a3 Be7 6. Nxe4 Nf6 7. N2g3 0-0 8. c3 Nbd7 9. Bd3 c5 10. dxc5 Nxe4 11. Nxe4 f5 12. Ng3 Nxc5 13. Bc4 Qxd1+ 14. Kxd1 Bd7 15. Kc2 Rac8 16. Re1 Ne4 17. Ba2 Nxf2 18. Rxe6 Bxe6 19. Bxe6+ Kh8 20. Bxc8 Rxc8 21. Nxf5 Bf6 22. Nd6 Rc7 23. Be3 Ng4 24. Bxa7 Nxh2 25. Bb8 Re7 26. Nxb7 Re2+ 27. Kb3 Rxg2 28. Bxh2 Rxh2 29. a4 g5 30. a5 Be5 31. Re1 Bg3 32. a6 Rh6 33. a7 1-0